| 000 | 00977nam a22002177a 4500 | ||
|---|---|---|---|
| 999 |
_c16582 _d16582 |
||
| 003 | AR-CdUCM | ||
| 008 | 190503b ||||| |||| 00| 0 spa d | ||
| 040 |
_aMUNICIPALIDAD PROVINCIAL DEL CUSCO _cBIBLIOTECA MUNICIPAL DEL CUSCO |
||
| 082 |
_a335.980 / _bER73 |
||
| 100 |
_aErlijman, Jacob _95733 |
||
| 245 |
_aEl problema del Comunismo en América Latina : _bsus soluciones / |
||
| 260 |
_aBuenos Aires : _bLa Fragua, _c1963. |
||
| 300 |
_a80 páginas ; _c19 cm. |
||
| 500 | _aObra premiada por concurso del Instituto Americano de Investigaciones Económicas, Jurídicas y Sociales. | ||
| 505 | _aContenido: Tópicos importantes que no se incluyen -- Difusión, fuerza y peligrosidad -- Factores biológicos e históricos -- El éxito de la literatura comunista -- Peligrosidad de las soluciones parciales y provisorias ... | ||
| 650 |
_aAmérica Latina _91130 |
||
| 650 |
_aProblemas _99246 |
||
| 650 |
_aCausas _927224 |
||
| 942 |
_2ddc _cLIBROS |
||
| 945 |
_aachl _d2019-05-03 |
||